=LDR 00000nam 2200000 4500 =001 INLIS000000000054912 =005 20200303082710 =035 ##$$a 0010-0320000019 =007 ta =008 200303###########################0#ind## =020 ##$$a 978-602-7820-71-5 =082 ##$$a 371.394 4 =084 ##$$a 371.394 4 Ira r =245 1#$$a Rumahku Tempat Belajarku : $b Menjadikan Rumah Sebagai Basis Peradaban /$c Irawati Istadi =300 ##$$a 268 halaman ; $c 20 Cm. =700 #$$a Penyunting: Irin Hidayat =264 ##$$a Yogyakarta :$b Pro-U-Media,$c 2017 =336 ##$$a teks$2 rdacontent =337 ##$$a lain-lain$2 rdamedia =338 ##$$a lain-lain$2 rdacarrier =990 ##$$a 15731573 =990 ##$$a 15731573